Datum a čas kvízu
25
Celkem bodů
Celkový počet nahraných bodů na tomto kvízu bez doplňovacích otázek.
4.
Pořadí na kvízu
Konečné umístění týmu na tomto kvízu.
Zaznamenané odpovědi
| # | Otázka | Odpověď | Body | Výsledky |
|---|---|---|---|---|
| 1. | Pražský Cross Club lákal zákaz... | natáčením studentského filmu | 1 | |
| 2. | Strana hájící zájmy původních... | Nový Zéland | 1 | |
| 3. | V pondělí bylo v pražském hist... | Divadlo Lucie Bílé | 0 | |
| 4. | Velká potravinářská společnost... | PepsiCo | 1 | |
| 5. | Sotva skončila slavná Tour de... | Arkéa-Samsic | 0 | |
| 6. | Podle zdroje vody se rybníky d... | říční rybník | 1 | |
| 7. | Na obrázku vidíme dravou rybu,... | candát | 0 | |
| 8. | Jak se jmenuje červeně vyznače... | Svět | 0 | |
| 9. | Většina rybníků disponuje jist... | česle / česlice | 0 | |
| 10. | Dle návrhu Štěpánka Netolickéh... | Zlatá stoka | 1 |